000 00678nam a2200253Ia 4500
008 191130s2006##################000#0#eng##
020 _a9781856266666
040 _aACL
_cACL
082 _a641.5945 PLO
100 _aPlotkin, Fred
245 _aItaly for the gourmet traveler
_cFred Plotkin
260 _aLondon
_bKyle Cathie
_c2006
300 _aix, 724 p. : ill., maps ; 24 cm
500 _aPrevious ed.: 2002. Includes index
650 _aBar
650 _aBookstores
650 _aCoffeeshop
650 _aCooking, Italian
650 _aFood habits
650 _aItaly
990 _adb98e3e5ac10000c56e2869b80153ae3
991 _a119747
999 _c221970
_d221970